[Event "Shlimak Memorial"]
[Site "Hadera"]
[Date "1997.12.25"]
[Round "7"]
[White "Tsesarsky, Ilya"]
[Black "Ginzburg, Nathan"]
[Result "1-0"]
[WhiteElo "2445"]
[BlackElo "2095"]
[PlyCount "61"]
[EventDate "1997.12.18"]
[EventType "schev (rapid)"]
[EventRounds "7"]
[EventCountry "ISR"]
[SourceTitle "CBM 063"]
[Source "ChessBase"]
[SourceDate "1998.03.26"]
[SourceVersion "1"]
[SourceVersionDate "1998.03.26"]
[SourceQuality "1"]

1. Nf3 f5 2. d4 Nf6 3. g3 d6 4. Bg2 g6 5. b3 Bg7 6. Bb2 0-0 7. 0-0 Qe8 8. c4 h6 9. Nbd2 g5 10. e3 Nbd7 11. Re1 e5 12. e4 f4 13. dxe5 dxe5 14. gxf4 gxf4 15. Nh4 Nc5 16. Ndf3 Bg4 17. Qc2 Nfd7 18. b4 Na6 19. a3 Qh5 20. h3 Be6 21. Rad1 Nb6 22. c5 Nc4 23. Bc1 b5 24. cxb6 cxb6 25. Nf5 b5 26. N3h4 Rae8 27. Kh2 Qf7 28. Bf3 Kh7 29. Rg1 Rg8 30. Qe2 Rd8 31. Rxd8 1-0